| 000 | 00692cab a2200229 4500 | ||
|---|---|---|---|
| 001 | WB3306-40 | ||
| 008 | 090401t1997 xxu||||| |||| 00| 0 eng d | ||
| 035 | _a(Sirsi) u44050 | ||
| 041 | _aeng | ||
| 245 | _aAgency sale | ||
| 260 | _c1997 | ||
| 350 | _a0 | ||
| 490 |
_aSunday Business _v2 February 1997, 7(1) |
||
| 520 | _aThe Alliance & Leicester is preparing to sell off its commercial estate agency prior to its flotation in April 1997. | ||
| 650 | _aALLIANCE AND LEICESTER | ||
| 650 | _aCOMMERCIAL AGENCY | ||
| 650 | _aESTATE AGENCY | ||
| 650 | _aSTILES HAROLD WILLIAMS | ||
| 690 | _aMANAGEMENT-BUSINESS MANAGEMENT-PROFESSIONAL PRACTICE | ||
| 942 | _n0 | ||
| 948 | _c04/03/1997 | ||
| 999 |
_c28086 _d28086 |
||